| 000 | 00613nam a2200205 a 4500 | ||
|---|---|---|---|
| 999 |
_c4588 _d4588 |
||
| 003 | PK-NaQUE | ||
| 005 | 20250901104437.0 | ||
| 008 | 250901b ||||| |||| 00| 0 eng d | ||
| 020 | _a007337377X (hardcover) | ||
| 020 | _a9780073373775 (hardcover) | ||
| 040 | _cQUEST | ||
| 100 | 1 | _aTokheim, Roger. | |
| 245 | 1 | 0 | _aDigital Electronics : principles and applications |
| 250 | _a6th ed. | ||
| 260 |
_a[S.l.] : _bMcGraw-Hill Science/Engineering/Math, _c2010. |
||
| 300 | _a576 p. ; | ||
| 650 | _aDigital electronics | ||
| 856 | 4 | 0 |
_uhttp://10.10.170.122:8080/browse/book/18548 _yDownload eBook |
| 942 |
_cBK _2ddc |
||